| 000 | 01051nam a2200253 a 4500 | ||
|---|---|---|---|
| 003 | OSt | ||
| 005 | 20131021145222.0 | ||
| 008 | 131021s2007 ag ||||| |||| 00| 0 spa d | ||
| 022 | _a0301-4630 | ||
| 040 | _cBiblioteca Medicina | ||
| 041 | _aspa | ||
| 082 | _bMINIST. DE SALUD 0412 | ||
| 110 |
_aMinisterio de Salud _92598 |
||
| 245 | 0 | 0 | _aDefunciones de menores de 5 años. Indicadores seleccionados. Argentina, año 2007 |
| 250 | _a1º ed. | ||
| 260 |
_aBuenos Aires _bMinisterio de Salud; _bSecretaria de Politicas, Regulacion e Institutos; _bDireccion de Estadisticas e Informacion de Salud; _bSistema Estadistico de Salud _c2007 |
||
| 300 | _a25 p. | ||
| 653 | _aESATDISTICAS-ARGENTINA-2007 | ||
| 653 | _aPEDIATRIA-MORTALIDAD | ||
| 653 | _aPEDIATRIA-ESTADISTICA-2007 | ||
| 942 |
_2ddc _cPH |
||
| 952 |
_40 _00 _bBFM _10 _oMINIST. DE SALUD 0412 _d2013-10-21 _tEj. 1 _8NFIC _70 _cCR _2ddc _yPH _aBFM |
||
| 952 |
_40 _00 _bBFM _10 _oMINIST. DE SALUD 0412 _d2013-10-21 _tEj. 2 _8NFIC _70 _cCR _2ddc _yPH _aBFM |
||
| 999 |
_c1841 _d1841 |
||